000 00926cam a2200253 a 4500
999 _c9335
_d9335
001 989383
003 ARRUPE
005 20170920155104.0
008 860902s1986 dcua b 001 0 eng
010 _a 86021865
020 _a0870445871 :
_c$7.95
020 _a0870445928 (lib. bdg.) :
_c$9.50
040 _aDLC
_cDLC
_dDLC
050 0 0 _aGB5018
_b.N37 1986
082 0 0 _a904/.5
_219
245 0 0 _aNature on the rampage :
_bour violent earth /
_cprepared by the Special Publications Division, National Geographic Society.
260 _aWashington, D.C. :
_bThe Society,
_cc1986.
300 _a199 p. :
_bcol. ill. ;
_c26 cm.
500 _aIncludes index.
504 _aBibliography: p. 196.
650 0 _aNatural disasters
_xPopular works.
_936013
710 2 _aNational Geographic Society (U.S.).
_bSpecial Publications Division.
_936014
906 _a7
_bcbc
_corignew
_d1
_eocip
_f19
_gy-gencatlg
942 _2lcc
_cMONOGRAPH